[Event "SA-2015-0-00470"]
[Site "LSS email"]
[Date "2015.05.27"]
[Round "?"]
[White "Rodriguez Lopez, Roberto Carlos"]
[Black "Nowak, Ireneusz"]
[Result "1/2-1/2"]
[WhiteElo "2291"]
[BlackElo "2190"]
[PlyCount "35"]
[EventDate "2015.04.09"]
[EventType "tourn (corr)"]
[EventRounds "6"]
[EventCountry "GER"]
[SourceTitle "Corr 2022"]
[Source "ChessBase"]
[SourceDate "2021.10.24"]
[SourceVersion "1"]
[SourceVersionDate "2021.10.24"]
[SourceQuality "1"]

1. e4 e6 2. d4 d5 3. Nd2 Nf6 4. e5 Nfd7 5. Bd3 c5 6. c3 Nc6 7. Ne2 cxd4 8. cxd4 f6 9. Nf4 Nxd4 10. Qh5+ Ke7 11. exf6+ Nxf6 12. Ng6+ hxg6 13. Qxh8 Kf7 14. 0-0 e5 15. Nb3 Nxb3 16. axb3 Be6 17. Bg5 e4 18. Be2 1/2-1/2

[Event "SA-2015-0-00470"]
[Site "LSS email"]
[Date "2015.05.27"]
[Round "?"]
[White "Wilczek, Ryszard"]
[Black "Rodriguez Lopez, Roberto Carlos"]
[Result "1/2-1/2"]
[WhiteElo "2144"]
[BlackElo "2291"]
[PlyCount "49"]
[EventDate "2015.04.09"]
[EventType "tourn (corr)"]
[EventRounds "6"]
[EventCountry "GER"]
[SourceTitle "Corr 2022"]
[Source "ChessBase"]
[SourceDate "2021.10.24"]
[SourceVersion "1"]
[SourceVersionDate "2021.10.24"]
[SourceQuality "1"]

1. e4 c5 2. Nf3 d6 3. d4 cxd4 4. Nxd4 Nf6 5. Nc3 a6 6. h3 e6 7. g4 b5 8. Bg2 Bb7 9. 0-0 Nc6 10. Re1 Nd7 11. Nxc6 Bxc6 12. Bf4 Ne5 13. Qd4 h5 14. Bxe5 dxe5 15. Qxe5 hxg4 16. Nd5 Rc8 17. hxg4 Qd6 18. Qxd6 Bxd6 19. c3 Bh2+ 20. Kf1 a5 21. Rad1 f6 22. Ne3 Be5 23. Rd2 Ke7 24. Nd5+ Kf7 25. Ne3 1/2-1/2